000 00390nam a22001337a 4500
005 20230216110059.0
008 230216b |||||||| |||| 00| 0 eng d
100 _aMinistry of Defence, Government of India
245 _aManual of military law Vol. 2
260 _aDelhi
_bMinistry of Defence, Government of India
_c2010
300 _a339 pages
365 _bRs. 1260.00
942 _2ddc
_cBK
999 _c211725
_d211725